000 00409cam a2200181ua 4500
020 _c2
041 _ahin
_h
082 _a891.43
_bRAJ/KU
100 _aRajendra, Yadav .
245 _aKulta /
_cRajendra Yadav.
_hTextual Documents
250 _a1 /
_b.
260 _a :
_bHind Pocket books Pvt Ltd ,
_c1966.
300 _a126 ; .
365 _a2
504 _a
942 _cBK
999 _c2893
_d2893